Theories on moral standing of the human embryo and fetus scripture-based theories 2.

Bibliographic Details
Main Author: Evans, Robert W. (Author)
Format: Article
Language:Slovak
English
ISSN:1335-0560
Subjects:

MARC

LEADER 00000nab a2200000 a 4500
001 vtls000800616
003 SK-MaSNL
005 20260304212623.0
008 250429c1999 xo 0 slo
015 |a SNBRB2002/09-28106 
035 |a CLN000152271 
035 |a urn:nbn:sk:snk-abo4u 
035 |a (urnnbn)urn:nbn:sk:snk:ar-a058gj 
035 |a (uuid)c1aae4a8-75b2-471f-b8ce-37440cd6ffcd 
040 |a SNKBUCL  |b slo  |c SNKBUCL  |e AACR2 
041 0 |a eng 
044 |a xo  |c SK 
080 |a 342.7:616-053.13  |2 1997 
100 1 |a Evans, Robert W.  |4 aut  |9 1524664 
245 1 0 |a Theories on moral standing of the human embryo and fetus  |b scripture-based theories  |n 2.  |c Robert W. Evans 
246 1 1 |a Teórie o morálnom postavení ľudského embrya a plodu 
504 |a Bibliogr. odkazy 
546 |a Res. angl., slov. 
650 0 7 |a ľudské embryo  |2 snkbucl  |9 68682 
650 0 7 |a ľudský plod  |2 snkbucl  |9 82474 
650 0 7 |a ľudské práva  |2 snkbucl  |9 798 
650 0 7 |a morálka  |2 snkbucl  |9 795 
773 0 |t Medicínska etika a bioetika  |g Roč. 6, č. 1-2 (1999), s. 1-4  |x 1335-0560 
850 |a Slovenská národná knižnica 
852 |a Slovenská národná knižnica 
958 |a article27 
958 |a OND 
958 |a EUIPO 
999 |c 3132213  |d 3134143